LEADER 01340nam a2200193 i 4500 001 000000154901 003 CaOOAMICUS 005 20061027000000.0 008 061027n it u000 u ita u 013 $a132250 040 $aSeMil$bita 245 10$aS. Lorenzo, S. Giovanni e Paolo, S. Gregorio, SS. Quattro Coronati, S. Giorgio in Velabro, S. Agnese, SS. Nereo ed Achilleo, S. Maria in Domnica, S. Cecilia, S. Prassede, S. Marco, S. Franc. Romana, S. Cosimato, S. Maria in Trastevere, S. Saba .. 300 $a15 p., [64] p. di tav. 490 0 $aL'Italia monumentale : collezione di monografie sotto il patronato della Dante Alghieri e del Touring Club Italiano ;$v8 773 0 $aMonneret de Villard, Ugo <1881-1954>$tChiese di Roma.$dMilano : Bonomi, 1910.$g2$w()16687 830 2$aL'Italia monumentale : collezione di monografie sotto il patronato della Dante Alghieri e del Touring Club Italiano ;$v8.$0(OLS)http://semarc/title/22037 850 $aSeMil 852 $aSeMil$W1$xVenegono$y1$m5N I 54$j106753$B106753$CSeMilBibl$Z2$F115986 $81 996 $6245$aS. Lorenzo, S. Giovanni e Paolo, S. Gregorio, SS. Quattro Coronati, S. Giorgio in Velabro, S. Agnese, SS. Nereo ed Achilleo, S. Maria in Domnica, S. Cecilia, S. Prassede, S. Marco, S. Franc. Romana, S. Cosimato, S. Maria in Trastevere, S. Saba ..$9(OLS)http://semarc/title/226787 LEADER 00555naa a2200145 i 4500 001 000000301594 003 CaOOAMICUS 005 20180831172725.0 008 180831n xx u000 u und u 013 $a9328 040 $aSeMil$bita 100 1 $aOrtona, Luigi <1928-2010>.$0(OLS)http://semarc/name/86576 245 10$aStrutture assistenziali e famiglia per il malato di Aids. 773 0 $tSolidarietà.$dMilano : Vita e Pensiero, 1990.$kApi$z88-343-3730-1$w()35502 996 $6245$aStrutture assistenziali e famiglia per il malato di Aids$9(OLS)http://semarc/title/377588